000 00582nam a2200181 a 4500
001 000048367
005 20201002061112.0
008 190213s2016 dr r 000 0 spa d
020 _a9789945500028
040 _aDO-SdBNP
_bspa
_cBNPHU
082 _axxxx
_bM111d
100 1 _aM. Bratini, José Ángel,
_d1987-
_975781
245 1 0 _aDe leyendas :
_bpoesía /
_cJosé Ángel M. Bratini.
260 _aSanto Domingo :
_bEdiciones Ferilibro,
_c2016.
300 _a85 p. ;
_c20 cm.
500 _aIncluye datos biográficos del autor en la contracubierta
590 _aInventariado, 2019/BT
999 _c47855
_d47855